000 00579nam a2200229Ia 4500
003 OSt
005 20220928142856.0
006 a|||||r|||| 00| 0
007 ta
008 220927b |||||||| |||| 00| 0 eng d
024 _a20182
037 _cTextual
040 _aSDCL
_cSDCL
_beng
041 _2eng
_aeng
082 _aB6, L9
100 _aFaux I D
_9503933
245 0 _aComputational geometry for design and manufacture.
260 _c1979
700 _a Pratt M J
_9503934
942 _hB6, L9
_cTEXL
_2CC
999 _c822318
_d822318